| 000 | 00796nam a22002177a 4500 | ||
|---|---|---|---|
| 008 | 240306b |||||||| |||| 00| 0 eng d | ||
| 020 | _a0521381509. | ||
| 050 | _aDA564. B3 S651996. | ||
| 100 |
_aSmith , Paul _952514 |
||
| 245 |
_aDisraeli; _ba brief life, _cPaul Smith. |
||
| 260 |
_aNew York: _bCambridge University Press, _c1996. |
||
| 300 |
_ax; _b246p, _c24cm. |
||
| 600 |
_aDisraeli, Benjamin, earl of Beaconsfield,1804-1881. _952515 |
||
| 600 |
_aVictoria 1837-1901 _952516 |
||
| 650 |
_aConservative party[Great Britain]; _vBiography _952517 |
||
| 650 |
_vhistory _zGreat Britain. _96071 |
||
| 650 |
_vBiography _xPrimeminister, _zGreat Britain, _952518 |
||
| 650 |
_aJews, _vbiography, _z Great Britain _952519 |
||
| 650 |
_aRomanticism, _zGreat Britain. _952520 |
||
| 942 |
_2lcc _cMONOGRAPH |
||
| 999 |
_c131825 _d131825 |
||